000 00382nam a2200157Ia 4500
008 210210b1988 xxu||||| |||| 00| 0 eng d
082 _a547.7 CHAS
100 _aCHATWAL (Gurdeep R).
245 _aSynthetic drugs. Ed 2.
250 _a
260 _aN D
_bNot Mentioned
_c1988
300 _aviii,456
650 _aSynthetic Drugs
690 _aOrganic Chemistry
906 _a042776
999 _c92275
_d92275